Pokemon Video Games - Statistics

General Stats
  • This quiz has been taken 658 times
  • The average score is 25 of 50
Answer Stats
Year Platform Game % Correct
1998 GB Color Pokémon Blue
98%
1998 GB Color Pokémon Red
98%
2013 3DS Pokémon Y
96%
2000 GB Color Pokémon Gold
90%
2013 3DS Pokémon X
90%
2000 GB Color Pokémon Silver
88%
2011 DS Pokémon Black
87%
1999 GB Color Pokémon Yellow: Special Pikachu Edition
87%
2002 GB Advance Pokémon Ruby
86%
2011 DS Pokémon White
86%
2002 GB Advance Pokémon Sapphire
82%
2007 DS Pokémon Diamond
81%
2007 DS Pokémon Pearl
80%
2005 GB Advance Pokémon Emerald
79%
2012 DS Pokémon Black 2
75%
2012 DS Pokémon White 2
74%
2004 GB Advance Pokémon LeafGreen
72%
2004 GB Advance Pokémon FireRed
71%
2009 DS Pokémon Platinum
70%
2001 GB Color Pokémon Crystal
67%
2010 DS Pokémon HeartGold
64%
2010 DS Pokémon SoulSilver
64%
1999 N64 Pokémon Snap
63%
2000 N64 Pokémon Stadium
59%
2004 GameCube Pokémon Colosseum
43%
2001 N64 Pokémon Stadium 2
43%
2006 DS Pokémon Ranger
41%
1999 GB Color Pokémon Pinball
40%
2005 GameCube Pokémon XD: Gale of Darkness
37%
2006 GB Advance/DS Pokémon Mystery Dungeon: Red Rescue Team
27%
2010 Wii PokéPark Wii: Pikachu's Adventure
27%
2000 N64 Hey You, Pikachu!
26%
2007 Wii Pokémon Battle Revolution
26%
2006 GB Advance/DS Pokémon Mystery Dungeon: Blue Rescue Team
26%
2000 GB Color Pokémon Trading Card Game
24%
2008 DS Pokémon Ranger: Shadows of Almia
22%
2008 DS Pokémon Mystery Dungeon: Explorers of Time
21%
2009 DS Pokémon Mystery Dungeon: Explorers of Sky
20%
2012 Wii PokéPark 2: Wonders Beyond
19%
2008 DS Pokémon Mystery Dungeon: Explorers of Darkness
18%
2010 DS Pokémon Ranger: Guardian Signs
17%
2003 GB Advance Pokémon Pinball: Ruby & Sapphire
16%
2005 DS Pokémon Dash
15%
2012 DS Pokémon Conquest
14%
2000 N64 Pokémon Puzzle League
13%
2006 DS Pokémon Trozei!
13%
2003 GameCube Pokémon Channel
11%
2013 3DS Pokémon Mystery Dungeon: Gates to Infinity
9%
2011 3DS Pokémon Rumble Blast
9%
2000 GB Color Pokémon Puzzle Challenge
6%
No matching quizzes found
Score Distribution
Percent of People with Each Score
Percentile by Number Answered
Your Score History
You have not taken this quiz